CMOS Analog Circuit Design /

Uložené v:
Podrobná bibliografia
Hlavní autori: Allen, Phillip E. (Autor), Holberg, Douglas R. (Autor)
Médium: Kniha
Jazyk:English
Vydavateľské údaje: Oxford : Oxford University Press, 2012
Vydanie:Third Edition
Tagy: Pridať tag
Žiadne tagy, Buďte prvý, kto otaguje tento záznam!

MARC

LEADER 00000nam a22000003a 4500
001 0027652
003 SK-STU
005 20171109114949.3
007 ta
008 171109s ----xo-----e------000-0-----d
020 |a 978-0-19993742-4 
040 |a STU  |b slo 
041 0 |a eng 
044 |a xxk 
080 |a 621.37 
100 1 |a Allen, Phillip E.  |4 aut 
245 1 0 |a CMOS Analog Circuit Design /  |c aut. Phillip E Allen, Douglas R Holberg 
250 |a Third Edition 
260 |a Oxford :  |b Oxford University Press,  |c 2012 
300 |a 590 s. 
700 1 |a Holberg, Douglas R.  |r Z6  |4 aut 
996 |b 284EK89908  |c E* 89908  |l EE33  |s P  |a 0  |w 0027652_0001